000 01513cac a2200385 i 4500
003 EG-GICUC
005 20260205095622.0
008 030423s2003 enk frb 001 0 eng d
020 _a0521824737
_qhardback
020 _a9780521824736
_qhardback
020 _a0521531837
_qpbk.
020 _a9780521531832
_qpbk.
040 _aDLC
_cDLC
_dJ2H
_dC#P
_dEL$
_dBAKER
_dNLGGC
_dYDXCP
_dOCLCQ
_dLVB
_dUBA
_dOCLCG
_dDLC
_dEG-GICUC
_beng
_erda
050 0 0 _aKZ3275.S53
_bA35 2003
082 0 0 _a341
_221
092 0 4 _221
099 _aLaw 11 2003
100 1 _aShaw, Malcolm N.
_q(Malcolm Nathan),
_d1947-
245 1 0 _aInternational law /
_cMalcolm N. Shaw.
250 _a5th edition.
264 _aCambridge, U.K. ;
_aNew York :
_bCambridge University Press,
_c2003.
300 _acxlv, 1288 pages ;
_c23 cm.
336 _atext
_2rdacontent
337 _aComputer
_2rdamedia
338 _aOnline Resource
_2rdacarrier
504 _aIncludes bibliographical references and index.
650 0 _aInternational law.
856 4 2 _uhttps://fll.law.cu.edu.eg/fulltext/bks/ENGB11-00123.pdf
856 4 2 _3Publisher description
_uhttp://www.loc.gov/catdir/description/cam032/2003051552.html
856 4 1 _3Table of contents
_uhttp://www.loc.gov/catdir/toc/cam032/2003051552.html
856 4 1 _3Sample text
_uhttp://www.loc.gov/catdir/samples/cam041/2003051552.html
856 4 2 _3Contributor biographical information
_uhttp://www.loc.gov/catdir/enhancements/fy0732/2003051552-b.html
905 _a10
942 _2ddc
_cBK
_e21
_n0
999 _c61183
_d61183